XVIX (i.e.XIX) congress... Helsinki , Finland, June 10-19 1990:commission 2...professional education and literature (Record no. 95190)

MARC details
000 -LEADER
fixed length control field 00763cam a2200229 4500
008 - FIXED-LENGTH DATA ELEMENTS--GENERAL INFORMATION
fixed length control field 090401t1990 xxu||||| |||| 00| 0 eng d
020 ## - INTERNATIONAL STANDARD BOOK NUMBER
International Standard Book Number 9519600353
035 ## - SYSTEM CONTROL NUMBER
System control number (Sirsi) u69370
041 ## - LANGUAGE CODE
Language code of text/sound track or separate title eng
050 ## - LIBRARY OF CONGRESS CALL NUMBER
Classification number 526.9
110 ## - MAIN ENTRY--CORPORATE NAME
Corporate name or jurisdiction name as entry element Federation International Des Geometres
245 ## - TITLE STATEMENT
Title XVIX (i.e.XIX) congress... Helsinki , Finland, June 10-19 1990:commission 2...professional education and literature
260 ## - PUBLICATION, DISTRIBUTION, ETC.
Place of publication, distribution, etc. Helsinki
Name of publisher, distributor, etc. FIG
Date of publication, distribution, etc. 1990
300 ## - PHYSICAL DESCRIPTION
Extent 203p. : ill. ; 21cm.
350 ## - PRICE (NR) (BK AM CF MU VM SE) [OBSOLETE]
Price 0
520 ## - SUMMARY, ETC.
Summary, etc. Papers include:- New skills for a changing role/ COOTE,A.M. - Education for marine resource management/ KING,JOHN .
650 ## - SUBJECT ADDED ENTRY--TOPICAL TERM
Topical term or geographic name entry element LAND INFORMATION SYSTEMS
650 ## - SUBJECT ADDED ENTRY--TOPICAL TERM
Topical term or geographic name entry element MARINE RESOURCES
650 ## - SUBJECT ADDED ENTRY--TOPICAL TERM
Topical term or geographic name entry element SURVEYING
942 ## - ADDED ENTRY ELEMENTS (KOHA)
Suppress in OPAC 0
948 ## - LOCAL PROCESSING INFORMATION (OCLC); SERIES PART DESIGNATOR (RLIN)
c (OCLC) 04/03/1997
Holdings
Withdrawn status Lost status Source of classification or shelving scheme Damaged status Not for loan Home library Current library Shelving location Date acquired Total Checkouts Full call number Barcode Date last seen Copy number Price effective from Koha item type
    Dewey Decimal Classification     London London Basement 14/09/1999   RESERVE SHELF 325 30016822 06/08/2019 1 06/08/2019 Reference material